Logo

Description automatically generated
विद्यार्जन
 संसाधन केंद्र, भारतीय प्रौद्योगिकी संस्थान इन्दौर
Learning Resource Center, Indian Institute of Technology Indore

ऑनलाइन सार्वजनिक अभिगम प्रसूची
Online Public Access Catalogue (OPAC)

Ganga : the many pasts of a river (Record no. 57279)

MARC details
000 -LEADER
fixed length control field 00622nam a2200205Ia 4500
005 - DATE AND TIME OF LATEST TRANSACTION
control field 20260629163254.0
008 - FIXED-LENGTH DATA ELEMENTS--GENERAL INFORMATION
fixed length control field 260629s9999||||xx |||||||||||||| ||und||
020 ## - INTERNATIONAL STANDARD BOOK NUMBER
International Standard Book Number 9780670092192
Qualifying information hb
082 ## - DEWEY DECIMAL CLASSIFICATION NUMBER
Classification number 915.41
Item number SEN
100 ## - MAIN ENTRY--PERSONAL NAME
Personal name Sen, Sudipta
245 #0 - TITLE STATEMENT
Title Ganga : the many pasts of a river
260 ## - PUBLICATION, DISTRIBUTION, ETC.
Place of publication, distribution, etc. Gurugram
Name of publisher, distributor, etc. Penguin Random House India
Date of publication, distribution, etc. 2019
300 ## - PHYSICAL DESCRIPTION
Extent xiii, 445p. ; 24cm.
653 ## - INDEX TERM--UNCONTROLLED
Uncontrolled term Environmental history—India
653 ## - INDEX TERM--UNCONTROLLED
Uncontrolled term Ganges River (India and Bangladesh)—History
653 ## - INDEX TERM--UNCONTROLLED
Uncontrolled term Ganges River Valley—History
653 ## - INDEX TERM--UNCONTROLLED
Uncontrolled term India—Civilization
653 ## - INDEX TERM--UNCONTROLLED
Uncontrolled term Sacred rivers—India
942 ## - ADDED ENTRY ELEMENTS (KOHA)
Koha item type Book
Holdings
Withdrawn status Lost status Damaged status Not for loan Home library Current library Shelving location Date acquired Source of acquisition Total Checkouts Full call number Barcode Date last seen Price effective from Koha item type
        LRC, IIT Indore LRC, IIT Indore 2nd Floor - General Stack 29/06/2026 Gratis Book Price: INR 799.00   915.41 SEN G2504 29/06/2026 29/06/2026 Book
Copyright © 2017-2026 Indian Institute of Technology Indore. All Rights Reserved.
Managed & maintained by Learning Resource Center, IIT Indore